The value of science

Đã lưu trong:
书目详细资料
主要作者: Poincaré, Henri
格式: 图书
语言:Undetermined
出版: New York 30 cm,1958
主题:
标签: 添加标签
没有标签, 成为第一个标记此记录!
Thư viện lưu trữ: Trung tâm Học liệu Trường Đại học Cần Thơ
LEADER 00442nam a2200169Ia 4500
001 CTU_1483
008 210402s9999 xx 000 0 und d
082 |a 500,500 
082 |b P751,P751 
100 |a Poincaré, Henri 
245 4 |a The value of science 
245 0 |c Henri Poincaré 
260 |a New York 
260 |c 30 cm,1958 
650 |a science 
904 |i Minh, 960814 
980 |a Trung tâm Học liệu Trường Đại học Cần Thơ